000 00843naa a2200241 c 4500
001 42579
003 ES-MaCES
005 20150925133526.0
008 120402n2011 gw t 000 | eng d
035 _aCES20120001898v
040 _aES-MaCES
_bspa
_cES-MaCES
245 0 0 _aFemale entrepreneurship in developed and developing economies
650 4 _adesarrollo económico
_927093
650 4 _apotenciación de las mujeres
_930610
650 4 _aparticipación de la mujer en el desarrollo
_930663
650 4 _aempresaria
_930568
653 1 0 _aMujer
650 4 _930601
_aestrategia empresarial
773 0 _tSmall business economics
_gv. 37, no. 4 (Nov. 2011){55/1096 R. 080360}; 120 p.
_w(ES-MaCES)26047
_979944
902 _aMON Monográfico de revista
942 _2CES
_cAR
_h3.3.
999 _c42579
_d42579